Pays les plus proches de l'Allemagne - sprint d'une minute - Statistiques

Statistiques générales
  • Ce quiz a été pris 106 fois
  • Le résultat moyen est 16 sur 20
Statistiques - réponses
km pays % Correct
0 France
96%
0 Pologne
96%
0 Suisse
96%
0 Belgique
95%
0 Autriche
94%
0 Luxembourg
92%
0 Pays-Bas
92%
0 Danemark
90%
45 Italie
90%
33 Liechtenstein
82%
224 Slovaquie
82%
0 Tchèquie
80%
221 Hongrie
78%
72 Suède
76%
327 Norvège
75%
118 Slovénie
75%
295 Royaume-Uni
51%
222 Croatie
49%
357 Russie
42%
331 Bosnie-Herzégovine
33%
Aucun quiz correspondant
Distribution des résultats
% des personnes avec chaque résultat
Percentile par nombre de réponses
Votre historique - résultats
Vous n’avez pas pris ce quiz